Welcome to the Holygrace Academy Library

Please use search bar below to get started

MALAYALAM GURUNATHAN (Record no. 4102)

MARC details
000 -LEADER
fixed length control field 00280nam a22001217a 4500
082 ## - DEWEY DECIMAL CLASSIFICATION NUMBER
Classification number 894.812
Item number SUD/M
100 ## - MAIN ENTRY--AUTHOR NAME
Personal name SUDHAKARAN, VALLAYANI
245 ## - TITLE STATEMENT
Title MALAYALAM GURUNATHAN
260 ## - PUBLICATION, DISTRIBUTION, ETC. (IMPRINT)
Place of publication TRIVANDRUM
Name of publisher PRASANTHI PUBLICATIONS
300 ## - PHYSICAL DESCRIPTION
Number of Pages 510
520 ## - SUMMARY, ETC.
Summary, etc MALAYALAM BOOK
942 ## - ADDED ENTRY ELEMENTS (KOHA)
Koha item type Books
Holdings
Withdrawn status Lost status Collection code Home library Current library Shelving location Date acquired Source of acquisition Cost, normal purchase price Full call number Accession Number Koha item type
    Reference Main Library Main Library SHELF-16G-MALAYALAM COLLECTION OF WORKS 16/05/2012 Purchase 390.00 894.812 SUD/M 06211 Books